000
00329nam a2200145Ia 4500
100
_a
Osborne/Adam/ Kone/Gerry
490
_v
3
942
_c
BK
654
_a
Computer
245
_a
Osborne 4 & 8 Bit Microprocessor Handbook
260
_b
Osborne Mc graw Hill
_c
1981
082
_a
1.642
_b
OSB
546
_a
ENGLISH
999
_c
28459
_d
28459